000 00230nam a2200097Ia 4500
001 689491
005 20250826161635.0
008 250824s9999 xx 000 0 und d
245 0 _aİNTİBAH
_cNAMIK KEMAL
260 _bPANAMA YAYINLARI
999 _c689491
_d689491